000 00534cam a22001932a 4500
001 000884
003 AR-FADEU
008 311216n1982####xxu####################dd
092 _aA864.44
_bP134
100 _aPagés Larraya, Antonio
245 _aSala Groussac
260 _aBuenos Aires
260 _bCentro Editor de América Latina
260 _c1982
300 _a144 p
440 _aCapítulo, bibl. argentina fundamental complementaria, sociedad y cultura
_n164
650 _aLITERATURA ARGENTINA-ENSAYO
942 _cBDGR
999 _c6724
_d6724